[Event "DSOL 03 Liga Gr-C 1st"]
[Site "Playchess.com INT"]
[Date "2020.07.29"]
[Round "6.4"]
[White "Warnest, Stefan"]
[Black "Hoette, Moritz"]
[Result "0-1"]
[WhiteElo "1371"]
[BlackElo "1996"]
[PlyCount "90"]
[EventDate "2020.06.22"]
[EventType "team-tourn (rapid)"]
[EventCountry "GER"]
[SourceTitle "EXT 2021"]
[Source "ChessBase"]
[SourceDate "2020.10.23"]
[SourceVersion "1"]
[SourceVersionDate "2020.10.23"]
[SourceQuality "1"]
[WhiteTeam "Mariendorf Tempelhof"]
[BlackTeam "Paderborn Blauer Springer"]
[WhiteTeamCountry "GER"]
[BlackTeamCountry "GER"]

1. e4 c6 2. d4 d5 3. Nc3 dxe4 4. Nxe4 Bf5 5. Ng3 Bg6 6. h4 h6 7. Nf3 e6 8. h5 Bh7 9. Bd3 Bxd3 10. Qxd3 Nf6 11. Bf4 Bd6 12. Bxd6 Qxd6 13. 0-0-0 Nbd7 14. Ne4 Nxe4 15. Qxe4 0-0-0 16. Ne5 Nxe5 17. Qxe5 Qxe5 18. dxe5 Rd5 19. Rxd5 exd5 20. f4 Kd7 21. Kd2 Ke6 22. g4 c5 23. Kd3 b5 24. a3 a5 25. Re1 d4 26. Ke4 Rd8 27. f5+ Ke7 28. Rd1 a4 29. Rd3 Rd7 30. c3 dxc3 31. Rxd7+ Kxd7 32. bxc3 b4 33. cxb4 cxb4 34. axb4 a3 35. Kd5 a2 36. e6+ fxe6+ 37. fxe6+ Ke7 38. b5 a1Q 39. b6 Qh1+ 40. Ke5 Qb7 41. Kf5 Qxb6 42. Kg6 Qxe6+ 43. Kxg7 Qxg4+ 44. Kxh6 Kf7 45. Kh7 Qg7# 0-1

[Event "Paderborn op 16th"]
[Site "Paderborn"]
[Date "2019.12.29"]
[Round "6"]
[White "Hoette, Moritz"]
[Black "Orlov, Andrey"]
[Result "0-1"]
[WhiteElo "2052"]
[BlackElo "2506"]
[PlyCount "72"]
[EventDate "2019.12.27"]
[EventType "swiss"]
[EventRounds "7"]
[EventCountry "GER"]
[SourceTitle "CBM 194 Extra"]
[Source "ChessBase"]
[SourceDate "2020.03.31"]
[SourceVersion "1"]
[SourceVersionDate "2020.03.31"]
[SourceQuality "1"]

1. e4 c5 2. Nf3 a6 3. g3 Nc6 4. Bg2 g6 5. 0-0 Bg7 6. d3 d6 7. Nc3 Nf6 8. h3 0-0 9. Kh2 Bd7 10. Be3 b5 11. Qd2 b4 12. Ne2 e5 13. Nfg1 Ne8 14. Bh6 Nc7 15. Bxg7 Kxg7 16. f4 f6 17. fxe5 dxe5 18. h4 h5 19. Bh3 a5 20. Bxd7 Qxd7 21. Nh3 Ne6 22. Nf2 c4 23. Qe3 Ncd4 24. Nxd4 Nxd4 25. Rfc1 c3 26. bxc3 bxc3 27. Nd1 Rab8 28. Nxc3 Rbc8 29. Nd5 Rxc2+ 30. Rxc2 Nxc2 31. Qc1 Nxa1 32. Qxa1 Rb8 33. d4 Qg4 34. dxe5 Qe2+ 35. Kh3 Rb2 36. exf6+ Kf7 0-1

[Event "Paderborn op 15th"]
[Site "Paderborn"]
[Date "2018.12.27"]
[Round "1"]
[White "Hoette, Moritz"]
[Black "Skembris, Spyridon"]
[Result "0-1"]
[WhiteElo "1979"]
[BlackElo "2384"]
[PlyCount "94"]
[EventDate "2018.12.27"]
[EventType "swiss"]
[EventRounds "7"]
[EventCountry "GER"]
[SourceTitle "CBM 188 Extra"]
[Source "ChessBase"]
[SourceDate "2019.02.26"]
[SourceVersion "1"]
[SourceVersionDate "2019.02.26"]
[SourceQuality "1"]

1. d4 g6 2. e4 c6 3. Nf3 Bg7 4. Nc3 d5 5. exd5 cxd5 6. Bb5+ Bd7 7. Bxd7+ Qxd7 8. 0-0 Nc6 9. Bf4 Nh6 10. Re1 0-0 11. Ne5 Nxe5 12. Bxe5 f6 13. Bf4 Nf7 14. Bg3 Rfe8 15. Qd3 a6 16. Rad1 Rac8 17. a3 e6 18. h3 b5 19. Re2 Rc4 20. Nb1 Qc8 21. c3 e5 22. dxe5 fxe5 23. Nd2 Rc6 24. Nf1 Rd8 25. Ne3 Rcd6 26. Ng4 d4 27. Rc1 dxc3 28. Qxc3 Rd1+ 29. Rxd1 Rxd1+ 30. Kh2 Qxc3 31. bxc3 Ra1 32. f4 exf4 33. Re8+ Bf8 34. Bxf4 Kg7 35. Ra8 g5 36. Bg3 h5 37. Rxa6 hxg4 38. Rb6 Rxa3 39. Rxb5 Rxc3 40. hxg4 Bc5 41. Rb1 Kg6 42. Ra1 Nh6 43. Ra6+ Kh7 44. Ra4 Rd3 45. Rc4 Bb6 46. Rb4 Bd4 47. Rc4 Nxg4+ 0-1